Top NHL scorers of the 2010s - Statistics

General Stats
  • This quiz has been taken 203 times
  • The average score is 19 of 20
Answer Stats
Main Team Answer Points % Correct
Washington Capitals Alexander Ovechkin 780
100%
Pittsburgh Penguins Sidney Crosby 788
100%
Los Angeles Kings Anze Kopitar 682
99%
Philadelphia Flyers Claude Giroux 737
99%
Pittsburgh Penguins Evgeni Malkin 698
99%
Chicago Blackhawks Patrick Kane 802
99%
Tampa Bay Lightning Steven Stamkos 719
99%
Chicago Blackhawks Jonathan Toews 627
98%
Dallas Stars Jamie Benn 648
97%
New York Islanders John Tavares 716
97%
Washington Capitals Nicklas Backstrom 700
97%
Dallas Stars Tyler Seguin 617
97%
Boston Bruins Brad Marchand 617
96%
Anaheim Ducks Ryan Getzlaf 637
95%
San Jose Sharks Joe Thornton 596
94%
Winnipeg Jets Blake Wheeler 666
93%
Carolina Hurricanes Eric Staal 621
86%
San Jose Sharks Joe Pavelski 629
84%
Toronto Maple Leafs Phil Kessel 697
77%
Philadelphia Flyers Jakub Voracek 608
74%
No matching quizzes found
Score Distribution
Percent of People with Each Score
Percentile by Number Answered
Your Score History
You have not taken this quiz